[Event "Continental op"]
[Site "Los Angeles"]
[Date "1998.07.26"]
[Round "6"]
[White "Atalik, Suat"]
[Black "Kreiman, Boris"]
[Result "1-0"]
[WhiteElo "2585"]
[BlackElo "2455"]
[Annotator "Atalik,S"]
[PlyCount "45"]
[EventDate "1998.07.22"]
[EventType "swiss"]
[EventRounds "7"]
[EventCountry "USA"]
[SourceTitle "CBM 067"]
[Source "ChessBase"]
[SourceDate "1998.11.30"]
[SourceVersion "2"]
[SourceVersionDate "1998.11.01"]
[SourceQuality "1"]

{[%mdl 4]} 1. d4 Nf6 2. c4 e6 3. g3 {This should come as a surprise for Boris.}
c5 4. d5 exd5 5. cxd5 d6 6. Nc3 g6 7. Nf3 Na6 $5 {A strange move order.} 8. Bg2
Bg7 (8... Nc7 9. O-O (9. e4 Bg7 10. O-O (10. e5 $2 dxe5 11. Nxe5 O-O 12. O-O
Nfxd5 13. Nxf7 Rxf7 14. Nxd5 Rd7 $19) 10... O-O 11. Re1 $5) 9... Bg7 (9... b5
10. a3 Bg7 11. b4 Nfxd5 12. Nxd5 Bxa1 13. Bg5 f6 14. Nxc7+ Qxc7 15. Qxa1 $18)
10. e4 $1 (10. Nd2 b5 11. Nde4 O-O (11... Nxe4 12. Nxe4 O-O 13. Nxc5 dxc5 14.
d6 Rb8 15. dxc7 Qxc7 16. Bf4 Be5 $11) 12. Nxd6 $1) 10... O-O (10... Bg4 11. h3
Bxf3 12. Qxf3 O-O 13. Bf4) 11. h3 $5 (11. Re1 Re8 12. Bf4 $5)) 9. O-O O-O 10.
Nd2 Nc7 11. Nc4 b5 $2 (11... Nfe8 $8 12. e4 $5 b5 13. Na5 b4 14. Nc6 Qd7 15.
Na4 $13) 12. Nxd6 $1 {The very well known theoretical trick.} Qxd6 13. Bf4 Qb6
(13... Qd7 14. d6 Ne6 15. Bxa8 Nxf4 16. gxf4 Qg4+ 17. Bg2 Qxf4 (17... Bb7 $6
18. e4 Qxf4 19. Qf3 $18) 18. Qc1 Qxd6 19. Nxb5 $16) 14. d6 Rd8 $6 (14... Ne6
15. Bxa8 Nxf4 16. gxf4 Rd8 {Gerber-Anastasian Candas(open) 1996.} 17. Bg2 $1
Rxd6 18. Qc2 Rd4 19. e4 $1 $16) 15. dxc7 $3 (15. Qc1 $2 {Le Bideau-Lupu Mal
Maubee(open)1990.}) 15... Rxd1 16. Raxd1 Bb7 17. Bxb7 $1 Qxb7 18. Rd8+ Ne8 (
18... Bf8 19. Rb8 (19. Rfd1 Ne8 20. Rxa8 (20. Rb8 Qc6 21. Rdd8 {just
transposes to the following note.}) 20... Qxa8 21. Rd8 Nxc7 22. Rxa8 Nxa8 23.
Nxb5 $18) 19... Qc6 20. Nxb5 Nd5 21. Nxa7 Rxa7 22. c8=Q $18) 19. Rb8 $1 $146 {
the point of the combination.} (19. Rfd1 $16 {Ogaard-Bosler Schweiz 1972.})
19... Qc6 $8 20. Nxb5 $1 (20. Rd1 Bf8 21. Rdd8 Nxc7 22. Rxf8+ Kg7 23. Rg8+ Kf6
24. Bxc7 Rxb8 25. Bxb8 b4 26. Nd1 (26. Rd8 $4 bxc3 27. Rd6+ Qxd6 28. Bxd6 cxb2
$19) 26... Qd5 27. Ne3 Qxa2 28. Re8 $1 $18) 20... Bf8 $8 21. Nxa7 Qxc7 22. Bxc7
Rxa7 23. Bb6 {The game was heavily applauded by the audience.} 1-0

[Event "ROM-chT"]
[Site "Sovata"]
[Date "2003.05.06"]
[Round "7"]
[White "Atalik, Suat"]
[Black "Moldovan, Daniel"]
[Result "1-0"]
[WhiteElo "2568"]
[BlackElo "2442"]
[Annotator "Atalik,S"]
[PlyCount "65"]
[EventDate "2003.04.30"]
[EventType "team"]
[EventRounds "7"]
[EventCountry "ROU"]
[SourceTitle "CBM 096"]
[Source "ChessBase"]
[SourceDate "2003.09.25"]
[SourceVersion "1"]
[SourceVersionDate "2003.09.25"]
[SourceQuality "1"]

1. d4 g6 {"Tomcat" usually prefers fianchetto defenses with black.} 2. Nf3 Bg7
3. c4 c5 {Invitation for a Modern Benoni or a Hromadka.} 4. d5 Nf6 5. Nc3 O-O
6. g3 {Time to switch to Predrag's favorite!} e6 7. Bg2 exd5 8. cxd5 d6 9. O-O
Na6 $5 {I am not a real admirer of this move.} (9... Re8 10. Bf4 Na6 11. Re1
Bg4 12. h3 Bxf3 13. Bxf3 Qd7 14. e4 Rad8 15. g4 $1 $14) 10. Nd2 $1 {I have
already had a game against IM Boris Kreiman with this in Los Angeles 1998.} Nc7
11. Nc4 Nfe8 {Protecting d6 is important.} (11... b5 $2 12. Nxd6 $1 Qxd6 13.
Bf4 Qb6 14. d6 $16) (11... Qe7 $5 12. a4 b6 $140 $2 13. Nxd6 $1) 12. a4 b6 13.
Bd2 ({Of course GM Sosonko's} 13. Qd2 Ba6 14. b3 $14 {is the most natural one.}
) 13... Ba6 14. b3 Rb8 $5 {This move has ticked me off!During the game I have
tought like it is a great improvement over the existing theory.} 15. Re1 $6 {
Noone knows why do I need this move.} (15. e4 f5 (15... Bxc4 16. bxc4 a6 17.
Rb1 Qd7 18. Re1 b5 19. axb5 axb5 20. cxb5 Nxb5 21. Qa4 $16) 16. exf5 Rxf5 17.
Rc1 $16) 15... f5 16. Ra2 $5 {I have seen that Predrag has gone for this once
in a Bosnian League game.} Nf6 17. Qc1 {I have to secure Nc3 before posting my
bishop on f4.} (17. Bf4 Nh5 {is in vain for development.}) 17... Qd7 (17...
Bxc4 18. bxc4 a6 (18... Na6 19. Nb5) 19. e4 fxe4 20. Nxe4 Nxe4 21. Rxe4 Qd7 22.
Qf1 $1 Bd4 (22... b5 23. Bh3 Qf7 24. Rf4) 23. Bf4 b5 24. Bh3 Qd8 25. axb5 axb5
26. cxb5 Nxb5 27. Ra6 Nc3 $140 $2 28. Rxd4 cxd4 29. Be6+ Kh8 30. Bxd6 Qf6 31.
f4 $16) 18. Bf4 {This is whites real idea in this opening.Bishop belongs to f4
to exert pressure on d6.} Bxc4 (18... Ng4 $6 {Exchange sacrifice does not work.
} 19. Bxd6 Bxc4 20. Bxf8 Bxc3 21. Qxc3 Bxd5 22. f3 Rxf8 23. fxg4 Bxg2 24. Kxg2
fxg4 25. Rd2 $16) (18... Nfe8 $6 19. e4 fxe4 20. Nxe4 Nxd5 21. Nxc5 $1 $16) 19.
bxc4 a6 $6 {Queenside break does not have a great impact in the game.} ({
Black had a better option as it was suggested in post-mortem.} 19... Ng4 $1 20.
Nb5 Ne8 $1 {The move I have missed during the game.} (20... Nxb5 21. axb5 {
is clearly better for white.}) 21. Qc2 ({too early for} 21. e4 Ne5 (21... a6
22. Nxd6 Nxd6 23. e5 g5 24. e6 Qe7 25. Bxd6 Qxd6 26. e7 Rfe8 27. Re6 Qd7 28.
Qxg5 $44) 22. Bxe5 (22. Qc2 $6 a6 $15) 22... dxe5 23. a5 a6 24. Nc3 b5 $13 25.
exf5 $140 gxf5 26. cxb5 axb5 27. d6 e4 $17) 21... Ne5 (21... a6 22. Nc3 Ne5 23.
Qb3 Qe7 24. Rb1 $13) 22. Qb3 Nf6 23. Bd2 $13) 20. Bh3 $1 {A very nasty move.}
Qd8 (20... b5 21. axb5 axb5 22. Ra7 $16 {and white gains some important ground!
}) 21. e4 fxe4 22. Nxe4 Nxe4 23. Rxe4 $16 {Now white has all the advantages in
this position.} b5 24. axb5 axb5 25. Rae2 {I have figured out that d7 is the
weakest square in black's position.} ({Other attempts are not that promising.} 
25. Be6+ Kh8) (25. Bg5 Bf6 26. Bxf6 Qxf6) (25. Ra7 bxc4 26. Bg5 Bf6 27. Bxf6
Rxf6 (27... Qxf6 $2 28. Rxc7 Qxf2+ 29. Kh1 Rb2 30. Be6+) 28. Be6+ Kh8 29. Rh4
Rb3 $1 $13) 25... bxc4 {Black has no efficient means to deal with 7th rank
invasion thus he decides for counterplay along b line.} (25... Rf7 $2 26. Be6
Nxe6 27. dxe6) (25... Bf6 26. Bh6 Rf7 27. cxb5 Rxb5 28. Be6 Nxe6 29. Rxe6 Re7
30. Rxe7 Bxe7 31. Qe3 $16) (25... b4 $2 26. Re7 Rf7 27. Rxf7 Kxf7 28. Be6+ Nxe6
29. dxe6+ $18) 26. Re7 {Threatening 27.Rd7.} Rf7 {Black goes for active
defence.} (26... Ne8 27. Qxc4 $16) (26... Be5 27. Bg5 $1 (27. R7xe5 $5 dxe5 28.
Bxe5 Rb6 29. Rd2 Re8 30. f4 Rb4 31. d6 Nb5 32. d7 Re7 33. Bf6 Nd4 34. Rxd4 cxd4
35. Be6+ Kf8 36. f5 $18)) 27. Rxf7 $1 {White has to be careful.} ({The obvious
looking} 27. Bg5 $2 {would be a bad mistake} Bh6 $1 (27... Rxe7 $2 28. Rxe7 Bh6
29. Qc3 $18)) 27... Kxf7 28. Be6+ Nxe6 29. dxe6+ Ke8 $8 (29... Kg8 30. e7 Qd7 (
30... Qe8 31. Qxc4+ Kh8 32. Bxd6 $18) 31. Bxd6 $18) 30. e7 $2 {Absolutely
unnecessary and stupid!Why did I have to do that.} (30. Qxc4 $1 {After this
white may use his pawn on e6.} Qb6 (30... Qe7 31. Qa4+ Kf8 (31... Kd8 $2 32.
Bg5) 32. Bxd6 Qxd6 33. e7+ $18) (30... Rb1+ 31. Bc1 $1 (31. Kg2 $2 Qa8+ 32. f3
Rb4 $13 (32... Qc6 $2 33. Bxd6)) 31... Be5 (31... Qa8 $2 32. e7) 32. Qa4+ Kf8
33. Re1 Rb7 (33... Kg8 $2 34. e7) 34. Bg5 Qe8 35. Bh6+ Bg7 36. e7+ $1 Rxe7 37.
Bxg7+ $18) 31. Bxd6 $1 Qxd6 32. Qa4+ Ke7 33. Qa7+ Kf6 34. Qf7+ Kg5 35. e7 $1
Qd4 (35... c4 36. Qxc4) 36. e8=Q Rxe8 37. Rxe8 c4 38. Rd8 $1 $18) 30... Qb6 {
This is one of black's two options for equality.However Tomcat played the text
with some absolutely wrong idea in his mind.} (30... Qd7 $5 31. Qxc4 Rb1+ 32.
Bc1 (32. Kg2 Qc6+ 33. f3 d5 34. Qa2 Ra1 35. Qb3 Ra8 $11) 32... Be5 (32... d5 $2
33. Qxc5 d4 34. Re1 d3 35. Qc4 $1 $18) 33. Re1 Qb7 34. Qg8+ Kxe7 35. Qxh7+ Kf6
$11) 31. Qxc4 {Comes the critical moment in the game.} (31. Bxd6 $2 Qxd6 32.
Qxc4 Be5) 31... d5 $4 {Missing whites 33rd!} ({very resilient is} 31... Qb3 32.
Qa6 (32. Qxb3 Rxb3 33. Bxd6 c4 34. Ra2 Rb1+ 35. Kg2 Ra1 36. Rc2 c3 $11) 32...
Qb5 (32... Qb6 33. Qa4+ Qb5 34. Qd1 Qb1) 33. Qxd6 Qxe2 34. Qxb8+ Kxe7 35. Qc7+
Kf8 36. Qxc5+ Kf7 $11) 32. Qxd5 Qb1+ {Hoping for an exchange of queens.But...}
33. Bc1 $1 {This finishes the cat hunt on the spot but even if white would
have allowed the exchange of the queens,the result would have been the same!} (
33. Bc1 $1 Qxc1+ 34. Kg2 $18) (33. Kg2 Qb7 34. Qxb7 Rxb7 35. Bd6 Bd4 (35... c4
36. Ra2 $18) 36. Ra2 Kf7 37. Ra8 $18) 1-0

[Event "TUR-chT"]
[Site "Konya"]
[Date "2011.07.01"]
[Round "4"]
[White "Atalik, Suat"]
[Black "Haznedaroglu, Kivanc"]
[Result "1-0"]
[WhiteElo "2616"]
[BlackElo "2444"]
[Annotator "Atalik,S"]
[PlyCount "141"]
[EventDate "2011.06.28"]
[EventType "team-swiss"]
[EventRounds "13"]
[EventCountry "TUR"]
[SourceTitle "CBM 143 Extra"]
[Source "ChessBase"]
[SourceDate "2011.08.29"]
[SourceVersion "1"]
[SourceVersionDate "2011.08.29"]
[SourceQuality "1"]
[WhiteTeam "Isek Aquamatch"]
[BlackTeam "Adana Truva"]
[WhiteTeamCountry "TUR"]
[BlackTeamCountry "TUR"]

{I had to play this game under the condition that I was supposed to catch a
plane so if the game would have come to some expanded time control I was
supposed to make a choice.} 1. d4 Nf6 2. c4 e6 3. g3 c5 4. d5 ({I have never
liked} 4. Nf3 cxd4 5. Nxd4 d5 6. Bg2 e5 7. Nf3 d4 8. O-O Nc6 9. e3) 4... exd5
5. cxd5 d6 (5... b5 $5 6. e4 $5 (6. Nf3 d6 7. e4 $5) 6... Nxe4 7. Qe2 (7. Bg2
Nd6 8. Nf3 Be7 9. O-O O-O 10. Bf4 $44) 7... Qe7 8. Bg2 Nd6 9. Be3 Na6 10. Nc3
b4 11. Na4 $44) 6. Nc3 g6 7. Nf3 Bg7 8. Bg2 O-O 9. O-O a6 {One of many valid
choices:} (9... Re8 10. a4 $5 Ne4 (10... Na6 11. Nd2 Nb4 12. Nc4) (10... a6 $5)
11. Nxe4 Rxe4 12. Nd2 Rb4 13. Ra2 Na6 14. b3 Rd4 15. Bb2 Nb4 16. Bxd4 Bxd4 17.
Ra1 Bxa1 18. Qxa1 $16) (9... Nbd7 10. Bf4 Qe7 11. Re1 (11. e4 $5 Ng4 12. Bg5 f6
13. Bd2) (11. h3 $5 a6 12. a4 Rb8 13. e4 b5 14. axb5 axb5 15. Re1 Ne8 (15... b4
16. e5 $1) 16. Qe2 b4 17. Nb5 Rb6 18. Na7 $13)) 10. a4 Re8 {A critical
position over the board.} (10... Nbd7 11. Bf4 Qe7 (11... Qc7 12. e4) 12. h3 Nh5
13. Bg5 f6 14. Bd2 f5 15. e4 fxe4 16. Re1 Nhf6 17. Bf4 Rb8 18. Re2 $1 $14) 11.
Bf4 {I have stuck in the most obvious line.} (11. Re1 Ne4 $5 (11... Nbd7 12.
Bf4 Qc7 13. e4 Ng4 14. Nd2 Nge5 15. Bf1) 12. Nxe4 Rxe4 13. Nd2 Rb4 14. Ra2 b5
15. axb5 Bb7 $1 $44) 11... h6 $5 {An inspired move. I only remember Barlov
coming up with this one circa 1986.} (11... Nh5 12. Bg5 Qc7 13. Qd2 Nd7 14. Bh6
Bh8 15. h3 Ne5 16. Nxe5 Bxe5 17. g4 $16) (11... Ne4 12. Nxe4 Rxe4 13. Nd2 Rb4 (
13... Rxf4 14. gxf4 Bxb2 15. Rb1 Bg7 16. Nc4 b5 17. axb5 axb5 18. Rxb5 Ba6 19.
Ra5 $16) 14. b3 $5 Bxa1 15. Qxa1 Rxf4 16. gxf4 Nd7 17. Ne4 Qe7 18. Rc1 b6 19.
Rc3 $40) 12. Qc1 (12. Re1 g5 (12... Ne4 13. Ra3) 13. Bd2 Bf5) 12... g5 (12...
Kh7 13. h3 Nh5 14. Bd2 Nd7 15. e4) 13. Bd2 Nbd7 14. h4 g4 15. Ne1 h5 $5 $146 {
It looked like if Black did not care about the weakness in g5.} (15... Kh7 16.
Nc2 Ne5 17. Ne3 Rb8 18. b4 $40) 16. Bh6 $5 (16. Nc2 $1 Ne5 17. Ne3 Rb8 18. Rb1
b5 19. b4 Bd7 20. Qc2 Qc8 21. Rfc1 $14 {looks like the best}) (16. Bg5 Nf8 17.
Nc2 (17. Nd3 N8h7) 17... Rb8 $13 {is full of options for both sides.}) 16...
Nf8 (16... Ne5 17. Qg5 Ng6 18. Bxg7 Kxg7 19. Nd3 c4 20. Nf4 Qc7 $1 (20... Re5
21. Nxh5+) 21. Nxg6 (21. Nxh5+ $4 Nxh5 22. Qxh5 Re5 $19 {is embarrasing.})
21... fxg6 $13) 17. Bxg7 (17. Qg5 Ng6) 17... Kxg7 18. Nc2 Rb8 19. b4 cxb4 20.
Nxb4 Bf5 21. Qb2 $5 {I was not extremely happy about this one.} (21. Nc2 $5) (
21. Qf4 Bg6 22. a5 Rc8 $132) 21... Kg8 22. a5 N8d7 23. Rfd1 Nc5 24. Rd4 Bg6 (
24... Nfd7 25. Rf4 Bg6 26. Nc2 $13) 25. e3 $6 {Another decision about which I
am not so sure.} (25. Rf4 $5 Rc8 26. Nc2 {gives no hole on d3 neither f3.})
25... Nfd7 26. Ne2 Ne5 27. Nf4 Rc8 (27... Qf6 28. Rad1 (28. Qa3 $2 Be4) 28...
Rbc8 29. Qa3 Re7 30. Nxg6 Qxg6 31. Rf4 Rec7 {leads to a possibility in the
game.}) 28. Qa3 Qf6 29. Rad1 Rc7 30. Nxg6 ({I have hesitated long time for} 30.
Nc6 $5 Ned7 {but if Black does not take the Trojan Horse?} (30... bxc6 $6 31.
dxc6 $36)) 30... Qxg6 (30... fxg6 31. Rf4) 31. Rf4 Ncd7 $2 (31... Rec8 32. Qa2
(32. Kh1) 32... Kg7 (32... f5 33. Qb1) 33. Kh1 (33. Kh2 f5 34. Qb1 Ne4 35. Bxe4
fxe4 36. Rxe4 Qf5 37. Kg1 Rc5 $44) 33... f5 34. Qb1 Ne4 35. Rxe4 fxe4 36. Bxe4
Qf7 37. Bf5 Rf8 38. e4 $13) 32. Be4 Qg7 (32... Qxe4 $2 33. Rxe4 Nf3+ 34. Kg2
Rxe4 35. Nd3 $1 $18) (32... Qh6 $5 33. Nc2 Nc5 34. Bg2 Qg6 35. Nd4 $16) 33. Nd3
$1 $16 Nxd3 34. Bxd3 Nc5 35. Bb1 Re5 36. Qb4 Qh6 37. Qb6 Rce7 38. Bf5 Kg7 39.
Rdd4 Re8 40. Kg2 Kg8 41. Qb1 $1 {I have started to nicely outplay my opponent.}
Kh8 42. Qd1 R8e7 43. Rb4 Qf8 44. Rb6 Qd8 45. Bb1 {Slow!} (45. f3 $5 Rxe3 46.
fxg4 Re2+ 47. Kh3 $40) 45... Kg7 46. Qc2 Ne4 47. Rb4 f5 (47... Rc7 48. Qb2 Nc3
49. Rxb7 Nxd5 50. Rb8 Rc8 51. Rxc8 Qxc8 52. Rd4 $16) 48. Qb2 Kg6 49. Rxb7 Qxa5
$2 {A bad mistake which should have terminated the game in White's favor.} (
49... Nf6 50. Qb6 $16) 50. Bxe4 Rxb7 (50... Rxe4 51. Rxe4 $18) 51. Qxb7 Rxe4
52. Qa8 $4 (52. Rxf5 $1 $18 {just mates! I have missed a mate in 3!}) 52... Qc7
53. Qxa6 (53. Qg8+ $2 Qg7) (53. Rxe4 fxe4 54. Qg8+ Qg7 55. Qe8+ Qf7 56. Qxe4+
Qf5 $16) 53... Rxf4 $2 (53... Qe7 54. Qa8 $16) 54. gxf4 Qe7 55. Kg3 Qe4 $2 {
Bold but not beautiful.} (55... Kg7 $14 {was much more resilient.}) 56. Qxd6+
Kh7 57. Qd7+ Kh8 58. Kh2 Qf3 59. Qe8+ Kg7 60. Qe7+ (60. Qe5+ Kg8 61. Qe6+ Kg7
62. Qe7+ Kg8 63. Qg5+) 60... Kg8 61. Qg5+ Kh8 62. Qxh5+ Kg7 63. Qg5+ Kh8 64.
Qd8+ Kg7 65. Qd7+ Kf6 66. Qc6+ Kf7 67. Qc7+ Kg6 (67... Kg8 68. Qb8+ Kh7 69. Qb2
Qxd5 70. Qe5 Qf3 (70... Qd7 71. e4) 71. Qxf5+ Kh6 72. Qf6+ Kh7 73. Qe7+ Kg8 74.
Qd8+ Kf7 75. Kg1 g3 76. Qc7+ Kg8 77. Qc2 $18) 68. Qb6+ (68. h5+ Kh6 69. Qc6+
Kg7 70. Qg6+ Kh8 71. Qf6+ Kg8 72. Qg5+ Kh8 73. Qh4 Qxd5 74. Qe7 $18) 68... Kh5
$2 (68... Kh7 69. Qb2 Qxd5 70. Qe5 $18) 69. Qb2 Qxd5 (69... Kg6 70. d6 $18 (70.
Qd2 Qh3+ 71. Kg1 Qxh4 72. d6 $18)) 70. Qg7 $1 $18 g3+ 71. Kxg3 $1 {Curtains!} (
71. Qxg3 Kh6 72. Qg5+ Kh7 73. Qe7+ Kh6 74. e4 $5 $18) 1-0

[Event "Kavala op 20th"]
[Site "Kavala"]
[Date "2011.08.05"]
[Round "8"]
[White "Ashwin, Jayaram"]
[Black "Atalik, Suat"]
[Result "1/2-1/2"]
[WhiteElo "2449"]
[BlackElo "2619"]
[Annotator "Atalik,S"]
[PlyCount "115"]
[EventDate "2011.07.30"]
[EventType "swiss"]
[EventRounds "9"]
[EventCountry "GRE"]
[SourceTitle "CBM 143 Extra"]
[Source "ChessBase"]
[SourceDate "2011.08.29"]
[SourceVersion "1"]
[SourceVersionDate "2011.08.29"]
[SourceQuality "1"]

1. d4 Nf6 2. c4 e6 3. g3 c5 4. d5 exd5 5. cxd5 d6 6. Nc3 g6 7. Nf3 Bg7 8. Bg2
O-O 9. O-O Re8 $5 {I have chosen Benoni for this critical encounter.} 10. Nd2 {
The Classical approach.} (10. Bf4 $5 a6 11. a4 b6 $5 12. Re1 Nh5 13. Bg5 Qc7
14. e4 Nd7 15. h3 $1 Rb8 16. Bf1 {is worth of being played!}) (10. a4 $5 {
Tigran Vartanovich was the first one to understand that} Na6 11. Nd2 Nb4 12.
Nc4 b6 13. Bf4 Bf8 14. Qd2 Ba6 15. b3 Bxc4 16. bxc4 $14 {may turn out to be in
White's favor.}) 10... Nbd7 11. h3 $6 {This may not be the best under this set
up.} ({White has a clever move here.} 11. a4 $5 a6 (11... Nh5 $6 12. Nb5 $1)
12. h3) 11... Nh5 12. Nde4 (12. Nb5 Nb6 $1 {makes the difference!}) 12... Ndf6
13. g4 Nxe4 14. Nxe4 f5 $1 15. Nxd6 Qxd6 16. gxh5 f4 $44 17. e4 $2 {This makes
the things even worse but} ({even} 17. hxg6 hxg6 18. Qb3 b6 $44 {offers more
for Black.}) 17... fxe3 18. Bxe3 Bxb2 19. Rb1 Be5 20. hxg6 hxg6 $6 {I was in
between two options and quickly I have become dissatisfied about my choice.} (
20... Qxg6 $142 21. Bxc5 (21. Kh1 $2 Bxh3 $3 22. Bxh3 Qe4+ 23. f3 Qxe3 24. Rxb7
Qh6 $19) (21. d6 $2 Bxh3 22. Qd5+ Kh8 23. Rxb7 Rad8 $19) 21... Bxh3 22. Qf3 $15
) 21. Re1 b6 22. Bf4 Bf5 23. Rxe5 Rxe5 24. Rb3 Rae8 25. Bxe5 Rxe5 26. Qd2 c4
27. Re3 Rxe3 28. fxe3 Bd3 {Strangely nothing really works for Black here.} (
28... Qe5 29. d6 c3 30. d7 cxd2 31. d8=Q+ Kg7 32. Qxd2 $11) (28... Qg3 29. d6
$132) 29. Qc3 b5 30. a3 $6 {This slip made his life difficult.} (30. Qd4 Qb6
31. Qe5 $11) 30... Qc5 $1 31. Qf6 Bf5 $2 (31... c3 $2 32. d6 $1 $132) (31...
Qxe3+ 32. Kh2 Bf5 33. d6 c3 34. d7 Bxd7 35. Qxg6+ $1 (35. Bd5+ $2 Kh7 36. Qf7+
Kh6 37. Qf8+ Kg5 38. Qd8+ Kf4 39. Qxd7 c2 40. Qc7+ Qe5 41. Qxc2 Kg5+ 42. Kg1
Qxd5 $17) 35... Kf8 36. Qf6+ Ke8 37. Bf3 Qf2+ 38. Kh1 Qf1+ 39. Kh2 Qxh3+ 40.
Kg1 $11 {and Black has to give his passer.}) 32. d6 $6 (32. Kf2 $1 c3 33. d6 c2
34. Qd8+ $11 {would have ended up in a perpetual}) 32... Qxe3+ 33. Kh2 Qe6 $6 {
I have almost lost the game with this but} ({The twin line of what is
mentioned above would also have led to a draw.} 33... c3 34. d7 Bxd7 35. Qxg6+
$1 (35. Bd5+ Kh7 36. Qf7+ Kh6 37. Qf8+ Kg5 38. Qd8+ Kf4 39. Qxd7 c2 40. Qc7+
Qe5 41. Qxc2 Kg5+ 42. Kg1 Qxd5 43. Qc3 Kh4 $17) 35... Kf8 36. Qf6+ Ke8 37. Bf3
(37. h4 $2 Qd2 $19) 37... Qf2+ 38. Kh1 Qf1+ 39. Kh2 Qxh3+ 40. Kg1 Qf5 (40... c2
41. Qg6+ $11) 41. Qxc3 $11) 34. Qxe6+ Bxe6 35. Bd5 Kf7 36. d7 Ke7 37. Bxe6 a5
38. a4 $1 {I have missed that when I was pondering for my 33rd move.} (38. Bf7
$4 c3 39. Bxg6 b4 (39... a4 $2 40. h4 b4 41. h5 bxa3 42. h6 a2 $11) 40. axb4 a4
$19) 38... bxa4 (38... c3 39. Bb3 Kxd7 40. axb5 Kd6 41. Kg3 Kc5 42. Kf2 Kxb5
43. Ke2 Kb4 $11) 39. Bxc4 Kxd7 40. Bb5+ (40. Kg3 Ke7 41. Kg4 Kf6 42. h4 a3 43.
Ba2 a4 44. Kf4 Kg7 45. Kg5 Kh7 46. Bb1 a2 47. Bxa2 a3 48. Bb1 a2 49. Bxa2 Kg7
50. Bb3 Kh8 51. Kh6 g5 $11) 40... Ke7 41. Bxa4 g5 $5 {Even with the pawn on g6
this is a draw because of stalemating ideas.} 42. Kg3 Kf6 43. Kg4 Kg6 44. Be8+
Kg7 45. Kh5 a4 46. Bxa4 Kh7 47. Bc2+ Kg7 48. Bd3 Kh8 49. Kh6 Kg8 50. Bc4+ Kh8
51. Bd3 Kg8 52. Kg6 Kh8 53. Kf6 Kg8 54. Ke7 Kg7 55. Bc4 Kh7 56. Kf7 Kh8 57. Bd3
g4 58. hxg4 {Finally Jayaram led himeslf into the hands of the stalemate.}
1/2-1/2